<?xml version="1.0" encoding="UTF-8"?>
<record
    xmlns:xsi="http://www.w3.org/2001/XMLSchema-instance"
    xsi:schemaLocation="http://www.loc.gov/MARC21/slim http://www.loc.gov/standards/marcxml/schema/MARC21slim.xsd"
    xmlns="http://www.loc.gov/MARC21/slim">

  <leader>01359    a2200217   4500</leader>
  <controlfield tag="001">48749</controlfield>
  <controlfield tag="005">20260407155752.0</controlfield>
  <controlfield tag="008">260407a1992    arg                 spa d</controlfield>
  <controlfield tag="003">AR-UNSa-BCEJYS</controlfield>
  <datafield tag="040" ind1=" " ind2=" ">
    <subfield code="a">AR-UNSa-BCEJYS</subfield>
    <subfield code="b">spa</subfield>
    <subfield code="c">AR-UNSa-BCEJYS</subfield>
  </datafield>
  <datafield tag="080" ind1=" " ind2=" ">
    <subfield code="a">336.226</subfield>
    <subfield code="x">Tipos de impuestos. Impuestos directos e indirectos
</subfield>
  </datafield>
  <datafield tag="245" ind1="1" ind2="0">
    <subfield code="a">Impuesto sobre los activos y bienes personales</subfield>
  </datafield>
  <datafield tag="020" ind1=" " ind2=" ">
    <subfield code="a">950-739-180-5</subfield>
  </datafield>
  <datafield tag="264" ind1=" " ind2="1">
    <subfield code="a">Buenos Aires :</subfield>
    <subfield code="b">Errepar</subfield>
    <subfield code="c">1992</subfield>
  </datafield>
  <datafield tag="300" ind1=" " ind2=" ">
    <subfield code="a">250 p.</subfield>
    <subfield code="c">27 cm.</subfield>
  </datafield>
  <datafield tag="505" ind1=" " ind2=" ">
    <subfield code="a">Primera Parte: Impuestos sobre los activos: 1. Naturaleza y caracter&#xED;sticas del impuesto - 2. Objetivo. Vigencia - 3. Sujetos - 4. Exenciones - 5. Base imponible - 6. Liquidaci&#xF3;n, declaraci&#xF3;n e ingreso del gravamen  - - Segunda Parte: Aspecto te&#xF3;rico de la imposici&#xF3;n al patrimonio: 7. Aspectos te&#xF3;rico  - - Tercera Parte: El impuesto sobre los bienes personales no incorporados al proceso econ&#xF3;mico en la Argentina: 8. Antecedentes de su creaci&#xF3;n en la Argentina caracter&#xED;sticas y efectos econ&#xF3;micos - 9. Hechos imponibles sujetos - 10. Ubicaci&#xF3;n de los bienes. Bienes situados en el Pa&#xED;s y en el exterior. Extensiones - 11. Valuaci&#xF3;n de bienes y determinaci&#xF3;n - 12. Normas de declaraci&#xF3;n e ingreso del gravamen. </subfield>
  </datafield>
  <datafield tag="942" ind1=" " ind2=" ">
    <subfield code="c">BK</subfield>
  </datafield>
  <datafield tag="590" ind1=" " ind2=" ">
    <subfield code="a">niveau_biblio:m niveau_hierar:0</subfield>
  </datafield>
  <datafield tag="100" ind1="1" ind2=" ">
    <subfield code="a">Litvak, Jos&#xE9; D.</subfield>
  </datafield>
  <datafield tag="700" ind1="1" ind2=" ">
    <subfield code="a">Gebhardt, Jorge</subfield>
  </datafield>
  <datafield tag="999" ind1=" " ind2=" ">
    <subfield code="c">4692</subfield>
    <subfield code="d">4692</subfield>
  </datafield>
  <datafield tag="952" ind1=" " ind2=" ">
    <subfield code="0">0</subfield>
    <subfield code="1">0</subfield>
    <subfield code="4">0</subfield>
    <subfield code="7">0</subfield>
    <subfield code="a">BCEJYS</subfield>
    <subfield code="b">BCEJYS</subfield>
    <subfield code="c">16</subfield>
    <subfield code="d">2026-04-07</subfield>
    <subfield code="l">0</subfield>
    <subfield code="o">336.226 L775i</subfield>
    <subfield code="p">L58841</subfield>
    <subfield code="r">2026-04-07 15:57:52</subfield>
    <subfield code="w">2026-04-07</subfield>
    <subfield code="y">L</subfield>
  </datafield>
  <datafield tag="952" ind1=" " ind2=" ">
    <subfield code="0">0</subfield>
    <subfield code="1">0</subfield>
    <subfield code="4">0</subfield>
    <subfield code="7">0</subfield>
    <subfield code="a">BCEJYS</subfield>
    <subfield code="b">BCEJYS</subfield>
    <subfield code="c">16</subfield>
    <subfield code="d">2026-04-07</subfield>
    <subfield code="l">0</subfield>
    <subfield code="o">336.226 L775i</subfield>
    <subfield code="p">L58840</subfield>
    <subfield code="r">2026-04-07 15:57:52</subfield>
    <subfield code="w">2026-04-07</subfield>
    <subfield code="y">L</subfield>
  </datafield>
</record>
